000 00564cam a2200193ua 4500
020 _a81 86340 22 x
_c100.00
041 _aeng
_h
082 _a004.16
_bBRI/US
100 _aBrightman, Richard W .
245 _aUsing micro-computers: tutorials for dbase lll + wordstar and 1-2-3 /
_cRichard W Brightman.
_hTextual Documents
250 _a1 /
_b.
260 _aNewdelhi :
_bGalgolia publications pvt ltd ,
_c1994.
300 _a266 ; .
365 _a100.00
504 _a
700 1 _aDimsdale, Jeffrey M .
942 _cBK
999 _c9573
_d9573